Men with a message : (Record no. 4180)

MARC details
000 -LEADER
fixed length control field 00881cam a22002778a 4500
001 - CONTROL NUMBER
control field 42581
003 - CONTROL NUMBER IDENTIFIER
control field GBCCL
005 - DATE AND TIME OF LATEST TRANSACTION
control field 20241126110513.0
008 - FIXED-LENGTH DATA ELEMENTS--GENERAL INFORMATION
fixed length control field 940628s1994 miua b 001 0 eng
010 ## -
-- 94022545
020 ## - INTERNATIONAL STANDARD BOOK NUMBER
International Standard Book Number 0802837204
035 ## - SYSTEM CONTROL NUMBER
System control number (OCoLC)30776170
040 ## - CATALOGING SOURCE
Original cataloging agency DLC
Transcribing agency DLC
Modifying agency WTS
-- LBB
049 ## -
-- LBBK
050 00 -
-- BS2330.2
-- .S76 1994
082 00 - DEWEY DECIMAL CLASSIFICATION NUMBER
Classification number 225.61
Edition information 20
Item number STO
092 0# - LOCALLY ASSIGNED DEWEY CALL NUMBER (OCLC)
Classification number 225.61
Item number S888, 1994
Edition number 20
100 1# - MAIN ENTRY--PERSONAL NAME
Personal name Stott, John R. W.
9 (RLIN) 325
245 10 - TITLE STATEMENT
Title Men with a message :
Remainder of title an introduction to the New Testament and its writers /
Statement of responsibility, etc. by John Stott ; revised by Stephen Motyer.
260 ## - PUBLICATION, DISTRIBUTION, ETC.
Place of publication, distribution, etc. Grand Rapids, Mich. :
Name of publisher, distributor, etc. Eerdmans,
Date of publication, distribution, etc. c1994.
300 ## - PHYSICAL DESCRIPTION
Extent 158 p. :
Other physical details ill. ;
Dimensions 25 cm.
504 ## - BIBLIOGRAPHY, ETC. NOTE
Bibliography, etc. note Includes bibliographical references and index.
630 00 - SUBJECT ADDED ENTRY--UNIFORM TITLE
Uniform title Bible.
Name of part/section of a work N.T.
General subdivision Introductions.
9 (RLIN) 21
700 10 - ADDED ENTRY--PERSONAL NAME
Personal name Motyer, Stephen,
Dates associated with a name 1950-
9 (RLIN) 7954
942 ## - ADDED ENTRY ELEMENTS (KOHA)
Source of classification or shelving scheme Dewey Decimal Classification
Koha item type Books
Koha issues (borrowed), all copies 10
Holdings
Withdrawn status Lost status Source of classification or shelving scheme Damaged status Not for loan Home library Current Library Shelving location Date acquired Total checkouts Full call number Barcode Date last seen Date last checked out Copy number Price effective from Koha item type Total renewals
    Dewey Decimal Classification     GRACE BIBLE COLLEGE GRACE BIBLE COLLEGE Biblical Studies 2018-01-16 1 225.61 STO 013188 2025-05-01 2019-11-08 c.1 2018-01-16 Books  
    Dewey Decimal Classification     GRACE BIBLE COLLEGE GRACE BIBLE COLLEGE Biblical Studies 2018-01-16   225.61 STO 013189 2025-05-01   c.2 2018-01-16 Books  
    Dewey Decimal Classification     GRACE BIBLE COLLEGE GRACE BIBLE COLLEGE Biblical Studies 2018-01-16   225.61 STO 013190 2025-05-01   c.3 2018-01-16 Books  
    Dewey Decimal Classification     GRACE BIBLE COLLEGE GRACE BIBLE COLLEGE Biblical Studies 2018-01-16   225.61 STO 013191 2025-05-01   c.4 2018-01-16 Books  
    Dewey Decimal Classification     GRACE BIBLE COLLEGE GRACE BIBLE COLLEGE Biblical Studies 2018-01-16 2 225.61 STO 013192 2025-05-01 2019-03-12 c.5 2018-01-16 Books  
    Dewey Decimal Classification     GRACE BIBLE COLLEGE GRACE BIBLE COLLEGE Biblical Studies 2018-01-16   225.61 STO 013193 2025-05-01   c.6 2018-01-16 Books  
    Dewey Decimal Classification     GRACE BIBLE COLLEGE GRACE BIBLE COLLEGE Biblical Studies 2018-01-16   225.61 STO 013194 2025-05-01   c.7 2018-01-16 Books  
    Dewey Decimal Classification     GRACE BIBLE COLLEGE GRACE BIBLE COLLEGE Biblical Studies 2018-01-16 1 225.61 STO 013195 2025-05-01 2019-01-24 c.8 2018-01-16 Books  
    Dewey Decimal Classification     GRACE BIBLE COLLEGE GRACE BIBLE COLLEGE Biblical Studies 2018-01-16 3 225.61 STO 013196 2025-05-01 2019-10-31 c.9 2018-01-16 Books  
    Dewey Decimal Classification     GRACE BIBLE COLLEGE GRACE BIBLE COLLEGE Biblical Studies 2018-01-16 3 225.61 STO 013197 2025-05-01 2019-10-24 c.10 2018-01-16 Books 1
© Grace Bible College Library 2025